000 00343nam a22001451a 4500
020 _a9788120823341
082 _aS 294.5
_bABH/P
100 _aAbhinavagupta
245 _aParamarthasara/
_cby Abhinavagupta
260 _aNew Delhi:
_bMotilal Banarsidass,
_c2005.
300 _a130p.
650 _aHinduism
650 _aReligion
942 _cBK
999 _c33455
_d33455